Structure of language and its mathematical aspects : [Proceedings /

Guardado en:
Autores Corporativos: Symposium in Applied Mathematics New York), American Mathematical Society.
Formato: Libro
Idioma:English
Publicado: Providence : American Mathematical Society, 1961.
Series:Proceedings of symposia in applied mathematics ; v. 12
Materias:
Etiquetas: Agregar Etiqueta
Sin Etiquetas, Sea el primero en etiquetar este registro!
LEADER 02155cam a22002531a 4500
001 MAT.inmabb005412
008 720601s1961####riua#####b####100#0#eng##
005 20171010150715.0
245 1 0 |a Structure of language and its mathematical aspects :  |b [Proceedings /  |c Sponsored by American Mathematical Society, Association for Symbolic Logic, and Linguistic Society of America]. 
260 |a Providence :  |b American Mathematical Society,  |c 1961. 
300 |a vi, 279 p. :  |b diagrs. ;  |c 26 cm. 
440 0 |a Proceedings of symposia in applied mathematics ;  |v v. 12 
504 |a Incluye referencias bibliográficas. 
505 0 |a W. V. Quine, Logic as a source of syntactical insights -- N. Chomsky, On the notion "rule of grammar" -- H. Putnam, Some issues in the theory of grammar -- H. Hiz, Congrammaticality, batteries of transformations -- N. Goodman, Graphs for linguistics -- H. B. Curry, Some logical aspects of grammatical structure -- Y. R. Chao, Graphic and phonetic aspects of linguistic and mathematical symbols -- M. Eden, On the formalization of handwriting -- M. Halle, On the role of simplicity in linguistic descriptions -- R. Abernathy, the problem of linguistic equivalence -- H. G. Herzberger, The joints of English -- A. G. Oettinger, Automatic syntactic analysis and the pushdown store -- V. H. Yngve, The depth hypothesis -- G. E. Peterson and F. Harary, Foundations in phonemic theory -- J. Lambek, On the calculus of syntactic types -- H. A. Gleason, Jr., Genetic relationship among languages -- B. Mandelbrot, On the theory of word frequencies and on related Markovian models of discourse -- C. F. Hockett, Grammar for the hearer -- R. Wells, A measure of subjective information -- R. Jakobson, Linguistics and communication theory. 
510 4 |a MR,  |c 34 #8898 
111 2 |a Symposium in Applied Mathematics  |n (12th :  |d 1960 :  |c New York) 
710 2 |a American Mathematical Society. 
650 0 |a Language and languages. 
650 0 |a Mathematical linguistics. 
084 |a 91F20  |2 msc2000 
010 |a  62005742  
040 |a DLC  |c ODaWU  |d NGvP  |d DLC 
859 |k H  |p PSAPM-12  |b BIB. MATEMATICA 
859 |k H  |p PSAPM-12-2  |t Ej. 2  |b BIB. MATEMATICA